Aasian 10 tiheimmin asutettua valtiota - Statistics

Yleistilastot
  • Tätä visaa on pelattu 719 kertaa
  • Keskiarvotulos 7 / 10
Vastaustilastot
Asukastiheys Valtio % Oikein
451 Intia
84%
8 366 Singapore
84%
1 172 Bangladesh
78%
517 Etelä-Korea
78%
442 Israel
77%
661 Taiwan
69%
1 943 Bahrain
63%
391 Filippiinit
59%
512 Libanon
52%
1 737 Malediivit
40%
Ehtoja vastaavia visoja ei löytynyt
Tulosjakauma
Jokaisen tuloksen saaneiden osuus
Persentiili vastausten määrän mukaan
Tuloshistoriasi
Et ole pelannut tätä visaa